[Event "13th Foxwoods Open"]
[Site "Mashantucket, CT"]
[Date "2019.04.20"]
[Round "7"]
[White "Harriott, Tyrell"]
[Black "Torres, Yelfry"]
[Result "0-1"]
[WhiteElo "2033"]
[BlackElo "2094"]
[PlyCount "79"]
[EventDate "2019.04.??"]
[EventType "swiss"]
[EventRounds "9"]
[EventCountry "USA"]

1. d4 Nf6 2. e3 d6 3. f4 Nbd7 4. Nf3 c6 5. Bc4 h6 6. O-O Qc7 7. c3 e5 8. fxe5
dxe5 9. Qb3 Nb6 10. Nxe5 Nxc4 11. Qxc4 Bd6 12. Qxf7+ Qxf7 13. Nxf7 Kxf7 14. e4
Re8 15. Nd2 Kg6 16. e5 Bxe5 17. dxe5 Rxe5 18. Nc4 Re2 19. Nd6 Be6 20. Rf3 Rd8
21. Nxb7 Rd1+ 22. Rf1 Rxf1+ 23. Kxf1 Rc2 24. b3 Bd5 25. c4 Bxg2+ 26. Ke1 Bf3
27. Bf4 Kf5 28. Bb8 Ng4 29. Bxa7 Re2+ 30. Kf1 Nxh2+ 31. Kg1 Rg2+ 32. Kh1 Rxa2+
33. Kg1 Rxa1+ 34. Kxh2 Rxa7 35. Nc5 Kg4 36. Nd3 Ra2+ 37. Kg1 Kg3 38. Ne1 Bg4
39. b4 Bh3 40. b5 0-1

[Event "13th Foxwoods Open"]
[Site "Mashantucket, CT"]
[Date "2019.04.20"]
[Round "7"]
[White "Weeramantry, Sunil"]
[Black "Sam Sloan"]
[Result "1-0"]
[WhiteElo "2047"]
[BlackElo "1849"]
[PlyCount "67"]
[EventDate "2019.04.??"]
[EventType "swiss"]
[EventRounds "9"]
[EventCountry "USA"]

1. e4 d5 2. exd5 Nf6 3. Nf3 Nxd5 4. d4 Bg4 5. Be2 e6 6. O-O c5 7. dxc5 Bxc5 8.
c4 Nf6 9. Qxd8+ Kxd8 10. Nc3 Nc6 11. a3 a6 12. b4 Bb6 13. Bf4 Ke7 14. Rad1 Rhd8
15. c5 Ba7 16. Bd6+ Ke8 17. h3 Bh5 18. g4 Bg6 19. Nd2 b5 20. Nxb5 axb5 21. Bxb5
Rdc8 22. Nc4 Nd5 23. Rxd5 exd5 24. Ne5 f6 25. Bxc6+ Rxc6 26. Nxc6 Kd7 27. b5
Bd3 28. Re1 Bxc5 29. Bxc5 Bxb5 30. Nd4 Ba4 31. Re7+ Kc8 32. Rxg7 Ra5 33. Bb4
Ra6 34. Rxh7 1-0

[Event "13th Foxwoods Open"]
[Site "Mashantucket, CT"]
[Date "2019.04.21"]
[Round "8.1"]
[White "Burke, John M"]
[Black "Durarbayli, Vasif"]
[Result "1-0"]
[WhiteElo "2550"]
[BlackElo "2628"]
[PlyCount "81"]
[EventDate "2019.04.??"]
[EventType "swiss"]
[EventRounds "9"]
[EventCountry "USA"]

1. e4 c5 2. Nf3 e6 3. d4 cxd4 4. Nxd4 Nc6 5. Nc3 Qc7 6. Be3 a6 7. a3 Nf6 8. f4
Nxd4 9. Bxd4 Qxf4 10. g3 Qc7 11. e5 Nd5 12. Ne4 b5 13. Bg2 Bb7 14. O-O Be7 15.
Qg4 O-O 16. Rf2 Qd8 17. Raf1 Kh8 18. h4 Bc6 19. h5 h6 20. Rxf7 Rxf7 21. Rxf7
Qg8 22. Qg6 Rf8 23. Nf6 Nxf6 24. exf6 Rxf7 25. fxg7+ Rxg7 26. Qxh6+ Qh7 27.
Bxg7+ Kg8 28. Qxh7+ Kxh7 29. Bd4 d5 30. g4 Bg5 31. Kf2 Bc1 32. Be5 Kh6 33. Kg3
Kg5 34. Bf3 a5 35. Be2 Be3 36. c3 a4 37. Bd3 Be8 38. Bd6 Bc1 39. Be7+ Kh6 40.
Kh4 Bxb2 41. Bf8# 1-0

[Event "13th Foxwoods Open"]
[Site "Mashantucket, CT"]
[Date "2019.04.21"]
[Round "8.2"]
[White "Dragun, Kamil"]
[Black "Gabuzyan, Hovhannes"]
[Result "1/2-1/2"]
[WhiteElo "2585"]
[BlackElo "2620"]
[PlyCount "50"]
[EventDate "2019.04.??"]
[EventType "swiss"]
[EventRounds "9"]
[EventCountry "USA"]

1. d4 Nf6 2. Bg5 e6 3. e4 h6 4. Bxf6 Qxf6 5. c3 d6 6. Nd2 g6 7. Bc4 Bg7 8. Ne2
e5 9. O-O O-O 10. f4 Qe7 11. f5 Kh7 12. fxg6+ fxg6 13. Rxf8 Qxf8 14. Qb3 Nd7
15. Rf1 Qe8 16. Nf3 Qe7 17. Ng3 c6 18. h4 Nf6 19. dxe5 dxe5 20. Nh2 Bg4 21.
Nxg4 Nxg4 22. Rf7 Qc5+ 23. Kh1 Rf8 24. Qxb7 Rxf7 25. Qxf7 Nf2+ 1/2-1/2

[Event "13th Foxwoods Open"]
[Site "Mashantucket, CT"]
[Date "2019.04.21"]
[Round "8.3"]
[White "Belous, Vladimir"]
[Black "Shimanov, Aleksandr"]
[Result "1/2-1/2"]
[WhiteElo "2520"]
[BlackElo "2610"]
[PlyCount "118"]
[EventDate "2019.04.??"]
[EventType "swiss"]
[EventRounds "9"]
[EventCountry "USA"]

1. c4 Nf6 2. Nc3 c5 3. Nf3 Nc6 4. g3 d5 5. cxd5 Nxd5 6. Bg2 g6 7. Qa4 Bg7 8.
Ng5 e6 9. Nge4 Nb6 10. Qd1 c4 11. b3 f5 12. Nc5 Qe7 13. N5a4 Nxa4 14. bxa4 O-O
15. Bb2 Rd8 16. Qc1 e5 17. O-O Be6 18. Bxc6 bxc6 19. Nd1 Rab8 20. Bc3 f4 21. f3
Qg5 22. Kg2 e4 23. Bxg7 Kxg7 24. Qc3+ Kg8 25. Nf2 exf3+ 26. exf3 fxg3 27. Ne4
Qh6 28. hxg3 Bh3+ 29. Kg1 Bxf1 30. Rxf1 Qg7 31. Qxc4+ Kh8 32. Qxc6 Rb6 33. Qc1
Qd4+ 34. Kg2 Qxa4 35. Rh1 Qd4 36. Qc7 Qd7 37. Qe5+ Qg7 38. Qc5 Rb2 39. Qa5 Rd7
40. Rh4 Qd4 41. Qa6 Kg7 42. Qc8 Rb1 43. Nf2 Qxd2 44. Rf4 Rf7 45. Rxf7+ Kxf7 46.
Qc4+ Kf8 47. Qc5+ Ke8 48. Qe5+ Kf7 49. Qc7+ Kg8 50. Qc8+ Kg7 51. Qc7+ Kf8 52.
Qc5+ Ke8 53. Qe5+ Kd7 54. Qg7+ Kc8 55. Qxa7 Rb2 56. a4 Ra2 57. a5 Qxa5 58. Qxh7
Qd2 59. Qg8+ Kc7 1/2-1/2

[Event "13th Foxwoods Open"]
[Site "Mashantucket, CT"]
[Date "2019.04.21"]
[Round "8.4"]
[White "Vazquez, Guillermo"]
[Black "Mulyar, Michael"]
[Result "1/2-1/2"]
[WhiteElo "2489"]
[BlackElo "2385"]
[PlyCount "45"]
[EventDate "2019.04.??"]
[EventType "swiss"]
[EventRounds "9"]
[EventCountry "USA"]

1. e4 e5 2. Nf3 Nc6 3. Bc4 Nf6 4. d3 Bc5 5. O-O d6 6. c3 a6 7. a4 O-O 8. h3 h6
9. Re1 Ba7 10. Nbd2 Re8 11. Nf1 Be6 12. Bxe6 Rxe6 13. Ng3 d5 14. Qb3 Bc5 15.
Be3 Bxe3 16. Rxe3 b6 17. Rd1 dxe4 18. dxe4 Qe8 19. Red3 Na5 20. Qa2 Nb7 21. Re3
a5 22. b3 Nc5 23. Qc2 1/2-1/2

[Event "13th Foxwoods Open"]
[Site "Mashantucket, CT"]
[Date "2019.04.21"]
[Round "8"]
[White "Hevia Alejano, Carlos Antonio"]
[Black "Rohde, Michael"]
[Result "0-1"]
[WhiteElo "2470"]
[BlackElo "2358"]
[PlyCount "113"]
[EventDate "2019.04.??"]
[EventType "swiss"]
[EventRounds "9"]
[EventCountry "USA"]

1. c4 c5 2. Nf3 Nf6 3. Nc3 Nc6 4. d4 cxd4 5. Nxd4 e6 6. a3 d5 7. cxd5 Nxd5 8.
Nxc6 bxc6 9. Qc2 Be7 10. Bd2 O-O 11. e4 Nb6 12. Be2 e5 13. O-O Be6 14. Rfd1 Qb8
15. b4 Nc4 16. Be1 Nb6 17. Rac1 Bg5 18. Rb1 Rd8 19. Ba6 Rxd1 20. Rxd1 h6 21. h3
Be7 22. Na4 Nxa4 23. Qxa4 Qb6 24. Be2 Bg5 25. Rd6 Rc8 26. Qc2 Be7 27. Rd3 Rd8
28. Rc3 Rd6 29. Bd2 Bg5 30. Bxg5 hxg5 31. Rc5 f6 32. Qc3 Qb7 33. Ra5 Rd7 34.
Ra6 Rc7 35. Qc5 Kf7 36. Qd6 Qc8 37. Qc5 Qd7 38. Ra5 Kg6 39. Qc3 Qd6 40. Rc5 Bd7
41. Qf3 g4 42. Qg3 Kf7 43. Bxg4 Bxg4 44. Qxg4 Qd3 45. Ra5 Qd2 46. Qh5+ Kf8 47.
Qf5 c5 48. Rb5 c4 49. Rb8+ Ke7 50. g3 c3 51. Qg6 Qd7 52. Qxg7+ Ke6 53. Qg8+ Qf7
54. Re8+ Kd6 55. Rd8+ Kc6 56. Qxf7 Rxf7 57. Rd3 0-1

[Event "13th Foxwoods Open"]
[Site "Mashantucket, CT"]
[Date "2019.04.21"]
[Round "8"]
[White "Wang, Qibiao"]
[Black "Niemann, Hans"]
[Result "1-0"]
[WhiteElo "2240"]
[BlackElo "2477"]
[PlyCount "87"]
[EventDate "2019.04.??"]
[EventType "swiss"]
[EventRounds "9"]
[EventCountry "USA"]

1. Nf3 d5 2. e3 Nf6 3. c4 e6 4. b3 b6 5. Bb2 Bb7 6. Nc3 Nbd7 7. d4 Bd6 8. Bd3
Ne4 9. O-O f5 10. cxd5 exd5 11. Nb5 Be7 12. Ne5 O-O 13. Qc2 c5 14. f3 cxd4 15.
Bxd4 Rc8 16. Qe2 Nxe5 17. Bxe5 Nc5 18. Nxa7 Ra8 19. Nb5 Bf6 20. Bd4 f4 21. exf4
Bxd4+ 22. Nxd4 Qf6 23. Nc2 Qxf4 24. Bb5 Rf6 25. b4 Ne6 26. Qe3 Qd6 27. Rfe1 h6
28. Qe5 Qf8 29. a3 Qf7 30. Nd4 Nf4 31. g3 Nh3+ 32. Kg2 Ng5 33. Re3 Rc8 34. Rf1
Nh7 35. Qe7 Nf8 36. Rfe1 Ra8 37. Be8 Qxe7 38. Rxe7 Bc8 39. a4 Bf5 40. Bc6 Rxc6
41. Nxc6 Rxa4 42. Ra7 Rxa7 43. Nxa7 Bd3 44. Nc8 1-0

[Event "13th Foxwoods Open"]
[Site "Mashantucket, CT"]
[Date "2019.04.21"]
[Round "8"]
[White "Wang, Wesley"]
[Black "Ruiz Castillo, Joshua Daniel"]
[Result "0-1"]
[WhiteElo "2318"]
[BlackElo "2460"]
[PlyCount "128"]
[EventDate "2019.04.??"]
[EventType "swiss"]
[EventRounds "9"]
[EventCountry "USA"]

1. e4 c5 2. Nf3 d6 3. Bb5+ Nd7 4. Ba4 Ngf6 5. O-O a6 6. c4 e6 7. Nc3 Be7 8. d4
cxd4 9. Nxd4 O-O 10. Qe2 Qc7 11. f4 Rd8 12. Kh1 Nc5 13. Bc2 b6 14. Be3 Bb7 15.
Bg1 Ncd7 16. Rae1 Nf8 17. Rf3 N6d7 18. b3 Rac8 19. g4 Re8 20. g5 g6 21. Qf2 e5
22. Nd5 Bxd5 23. exd5 exd4 24. Qh4 h5 25. Bxd4 b5 26. Rfe3 Nb6 27. Bd1 Nxc4 28.
bxc4 Qxc4 29. Bb2 Qxd5+ 30. Bf3 Qxa2 31. Qf2 Ne6 32. f5 Bxg5 33. Ra3 Bh4 34.
Qg2 Qxa3 35. Bxa3 Nf4 36. Rxe8+ Rxe8 37. Qg1 Re1 38. Bxd6 Rxg1+ 39. Kxg1 Bg5
40. h4 Bh6 41. Kf2 Nd3+ 42. Ke2 Nb2 43. fxg6 fxg6 44. Bd5+ Kh7 45. Bb7 a5 46.
Bc6 b4 47. Bc7 a4 48. Bd6 b3 49. Bd5 Bg7 50. Kd2 Bf6 51. Ba3 Kg7 52. Be6 Be5
53. Be7 Bf4+ 54. Ke2 Be5 55. Bd5 Bf6 56. Ba3 Bd4 57. Be7 Bf6 58. Ba3 g5 59.
hxg5 Be5 60. Be7 h4 61. Kf3 h3 62. Bc6 Nd3 63. Be4 h2 64. Kg2 h1=Q+ 0-1

[Event "13th Foxwoods Open"]
[Site "Mashantucket, CT"]
[Date "2019.04.21"]
[Round "8"]
[White "Kambrath, Yannick"]
[Black "Paul, Justin"]
[Result "1/2-1/2"]
[WhiteElo "2335"]
[BlackElo "2210"]
[PlyCount "168"]
[EventDate "2019.04.??"]
[EventType "swiss"]
[EventRounds "9"]
[EventCountry "USA"]

1. d4 Nf6 2. c4 g6 3. Nc3 Bg7 4. e4 d6 5. Be2 O-O 6. Bg5 c5 7. d5 b5 8. cxb5 a6
9. bxa6 Bxa6 10. Nf3 Qb6 11. Rb1 Nbd7 12. O-O h6 13. Bh4 g5 14. Bg3 Nh5 15. Re1
Nxg3 16. hxg3 Rfb8 17. Na4 Qa5 18. Bxa6 Qxa6 19. b3 Ne5 20. Nxe5 Bxe5 21. Qh5
Kg7 22. f4 Bd4+ 23. Kh2 Qd3 24. Rbd1 Qc2 25. e5 dxe5 26. fxe5 Qg6 27. Qxg6+
Kxg6 28. d6 Ra6 29. dxe7 Re8 30. e6 Rxe7 31. exf7 Rxf7 32. Re2 Raf6 33. b4 Rf1
34. Re6+ Kh5 35. g4+ Kxg4 36. Re4+ Kh5 37. Rxf1 Rxf1 38. bxc5 Bg1+ 39. Kh3 g4+
40. Rxg4 Bf2 41. g3 Rh1+ 42. Kg2 Kxg4 43. Kxh1 Bxg3 44. c6 Kf5 45. Nc5 Bd6 46.
a4 Kf6 47. a5 Ke7 48. Nb7 Bb8 49. a6 Ba7 50. Kg2 Ke6 51. Kf3 Bg1 52. Kg4 Bf2
53. Kh5 Be3 54. Kg6 Ke7 55. Kf5 h5 56. Ke5 h4 57. Nd6 Kd8 58. Nb5 h3 59. Nd4 h2
60. a7 Bxd4+ 61. Kxd4 h1=Q 62. a8=Q+ Ke7 63. Qb7+ Kf6 64. Kc5 Qc1+ 65. Kb6 Qe3+
66. Kc7 Qe5+ 67. Kd8 Qd6+ 68. Kc8 Qf8+ 69. Kc7 Qe7+ 70. Kb8 Qd8+ 71. Ka7 Qa5+
72. Kb8 Qd8+ 73. Qc8 Qb6+ 74. Ka8 Qa5+ 75. Kb7 Qb5+ 76. Kc7 Qa5+ 77. Kb7 Qb5+
78. Ka7 Qa5+ 79. Qa6 Qc7+ 80. Ka8 Ke6 81. Qc4+ Kd6 82. Qd4+ Kxc6 83. Qc4+ Kd6
84. Qxc7+ Kxc7 1/2-1/2

[Event "13th Foxwoods Open"]
[Site "Mashantucket, CT"]
[Date "2019.04.21"]
[Round "8"]
[White "Finegold, Benjamin"]
[Black "Sandler, Leonid"]
[Result "1-0"]
[WhiteElo "2487"]
[BlackElo "2223"]
[PlyCount "77"]
[EventDate "2019.04.??"]
[EventType "swiss"]
[EventRounds "9"]
[EventCountry "USA"]

1. e4 e6 2. d4 d5 3. e5 c5 4. c3 Qb6 5. Nf3 Bd7 6. Be2 cxd4 7. Nxd4 Nc6 8. Nxc6
bxc6 9. O-O f5 10. exf6 Nxf6 11. c4 Be7 12. Nc3 O-O 13. b3 Rad8 14. Bb2 Be8 15.
Na4 Qb8 16. Bg4 Bf7 17. cxd5 exd5 18. Rc1 Qf4 19. Bf3 Rc8 20. Bd4 Ba3 21. Rc3
Bb4 22. Re3 Bd6 23. g3 Qf5 24. Rfe1 Ra8 25. Nc5 Rfe8 26. Nd3 a5 27. Ne5 Bxe5
28. Rxe5 Qd7 29. Qd2 Rxe5 30. Rxe5 Bg6 31. Qe2 a4 32. Re7 Qf5 33. Kg2 axb3 34.
axb3 h6 35. g4 Qg5 36. Qe6+ Kh8 37. Qxc6 Rf8 38. Qd6 Be4 39. Rxe4 1-0

[Event "13th Foxwoods Open"]
[Site "Mashantucket, CT"]
[Date "2019.04.21"]
[Round "8"]
[White "Tanenbaum, Zachary"]
[Black "Sarkar, Justin"]
[Result "1/2-1/2"]
[WhiteElo "2102"]
[BlackElo "2337"]
[PlyCount "106"]
[EventDate "2019.04.??"]
[EventType "swiss"]
[EventRounds "9"]
[EventCountry "USA"]

1. e4 c5 2. Nf3 Nc6 3. d4 cxd4 4. Nxd4 Nf6 5. Nc3 d6 6. Bg5 e6 7. Qd2 Qb6 8.
O-O-O Qxd4 9. Qxd4 Nxd4 10. Rxd4 a6 11. Be2 Bd7 12. Rhd1 Bc6 13. f3 Be7 14. a4
d5 15. e5 Nd7 16. Bxe7 Kxe7 17. f4 a5 18. Bf3 g5 19. g3 h5 20. Kd2 h4 21. Ke3
hxg3 22. hxg3 Rh3 23. Ne2 Rah8 24. R1d2 Nc5 25. b3 b5 26. axb5 Bxb5 27. Nc3 Ba6
28. Rg2 gxf4+ 29. gxf4 Ne4 30. Ne2 Bxe2 31. Kxe2 Ng3+ 32. Kf2 Nf5 33. Ra4 Rc8
34. c4 dxc4 35. bxc4 Rxf3+ 36. Kxf3 Nh4+ 37. Kf2 Nxg2 38. Kxg2 Rc5 39. Kf3 Kd7
40. Ke4 Kc6 41. Kd4 Kb6 42. Ke4 Rc8 43. f5 Rd8 44. fxe6 fxe6 45. Ra2 Rd1 46.
Rb2+ Kc6 47. Ra2 Kb6 48. Rb2+ Kc5 49. Rb5+ Kxc4 50. Rxa5 Re1+ 51. Kf4 Kd4 52.
Ra4+ Kd5 53. Ra5+ Kd4 1/2-1/2

[Event "13th Foxwoods Open"]
[Site "Mashantucket, CT"]
[Date "2019.04.21"]
[Round "8"]
[White "Poliannikov, Danila"]
[Black "Kim, Yoon-Young"]
[Result "0-1"]
[WhiteElo "1930"]
[BlackElo "2320"]
[PlyCount "74"]
[EventDate "2019.04.??"]
[EventType "swiss"]
[EventRounds "9"]
[EventCountry "USA"]

1. e4 e5 2. Nf3 Nc6 3. Bb5 a6 4. Ba4 Nf6 5. O-O Be7 6. Re1 b5 7. Bb3 d6 8. c3
O-O 9. h3 Nb8 10. d4 Nbd7 11. Nbd2 Bb7 12. Bc2 Re8 13. a4 Bf8 14. Bd3 c6 15. b3
g6 16. Bb2 Bg7 17. Qc2 Rc8 18. c4 Nh5 19. axb5 cxb5 20. Qb1 b4 21. c5 exd4 22.
cxd6 Nc5 23. e5 Nf4 24. Be4 Nxe4 25. Nxe4 d3 26. Re3 Rc2 27. Bd4 Ne2+ 28. Rxe2
Rxe2 29. Neg5 d2 30. Qd3 R2xe5 31. Bxe5 Rxe5 32. Nxe5 Bxe5 33. Nxf7 Kxf7 34.
Qc4+ Kf8 35. Rd1 Qxd6 36. Qh4 Kg8 37. Qc4+ Kg7 0-1

[Event "13th Foxwoods Open"]
[Site "Mashantucket, CT"]
[Date "2019.04.21"]
[Round "8"]
[White "Majur Juac"]
[Black "Kumar, Nikhil"]
[Result "0-1"]
[WhiteElo "2088"]
[BlackElo "2273"]
[PlyCount "85"]
[EventDate "2019.04.??"]
[EventType "swiss"]
[EventRounds "9"]
[EventCountry "USA"]

1. e4 e5 2. Nf3 Nc6 3. Bb5 a6 4. Ba4 Nf6 5. O-O Be7 6. Re1 b5 7. Bb3 O-O 8. h3
d5 9. exd5 Nxd5 10. d3 Be6 11. a4 Nd4 12. Ba2 Nxf3+ 13. Qxf3 Nb4 14. Bxe6 Nxc2
15. Ba2 Nxe1 16. Qe2 Nxd3 17. Nc3 Nxc1 18. Rxc1 c6 19. Rd1 Qc7 20. Rd3 Rad8 21.
Re3 Bg5 22. Rxe5 Bf6 23. Re3 Bxc3 24. bxc3 Qd6 25. Bb3 Qd2 26. Qg4 Qc1+ 27. Kh2
Qb2 28. Qb4 Qxf2 29. Rf3 Qd2 30. Qh4 Qd6+ 31. Kh1 Rde8 32. Qf2 Qe7 33. Qa2 g6
34. Kh2 Kg7 35. Rf2 f5 36. c4 Qd6+ 37. g3 Re3 38. Rg2 f4 39. h4 fxg3+ 40. Kh1
Rf1+ 41. Rg1 g2+ 42. Qxg2 Rxg1+ 43. Qxg1 0-1

[Event "13th Foxwoods Open"]
[Site "Mashantucket, CT"]
[Date "2019.04.21"]
[Round "8"]
[White "Arvind, C.J."]
[Black "Thomforde-Toates, Noah"]
[Result "1-0"]
[WhiteElo "2211"]
[BlackElo "1916"]
[PlyCount "115"]
[EventDate "2019.04.??"]
[EventType "swiss"]
[EventRounds "9"]
[EventCountry "USA"]

1. d4 Nf6 2. c4 e6 3. Nc3 Bb4 4. g3 O-O 5. Bg2 d5 6. Nf3 b6 7. cxd5 exd5 8. O-O
Bb7 9. Qb3 Bxc3 10. Qxc3 Ne4 11. Qc2 Nd7 12. Bf4 c5 13. dxc5 bxc5 14. Rfd1 Qe7
15. Rac1 Rac8 16. Nd2 Nxd2 17. Qxd2 Nb6 18. b3 Rfd8 19. Qa5 Ba8 20. Rc2 h6 21.
Bc1 c4 22. Ba3 Qe6 23. Rdc1 cxb3 24. Rxc8 Rxc8 25. Rxc8+ Qxc8 26. axb3 Qb7 27.
Bc5 Kh7 28. Bd4 Qc7 29. Qc5 Qd8 30. Qc3 f6 31. Bh3 Qd6 32. Bf5+ g6 33. Bb1 f5
34. Qe3 Bc6 35. h4 Bd7 36. Bc3 d4 37. Qxd4 Qxd4 38. Bxd4 Be6 39. Bc2 Nd5 40.
Bxa7 Nb4 41. Bd1 Na2 42. Bd4 Nc1 43. b4 Bb3 44. Bxb3 Nxe2+ 45. Kf1 Nxd4 46. Bc4
Kg7 47. b5 Kf6 48. b6 Nc6 49. Bb5 Nb8 50. Ke2 g5 51. Kd3 gxh4 52. gxh4 Ke5 53.
Kc4 Kd6 54. f4 Ke6 55. Kc5 h5 56. b7 Ke7 57. Kb6 Kd6 58. Ba4 1-0

[Event "13th Foxwoods Open"]
[Site "Mashantucket, CT"]
[Date "2019.04.21"]
[Round "8"]
[White "Sergey Vertkin"]
[Black "Times, Lawyer"]
[Result "0-1"]
[WhiteElo "2164"]
[BlackElo "2118"]
[PlyCount "60"]
[EventDate "2019.04.??"]
[EventType "swiss"]
[EventRounds "9"]
[EventCountry "USA"]

1. e4 Nf6 2. Nc3 d5 3. e5 Ne4 4. Nce2 f6 5. d3 Ng5 6. exf6 exf6 7. Nf4 g6 8. h4
Nf7 9. d4 Be7 10. Qf3 c6 11. Be3 Qa5+ 12. c3 Nd6 13. g4 Na6 14. Bd3 Bd7 15.
Nge2 O-O-O 16. a4 Rde8 17. b4 Qd8 18. b5 Nc7 19. Kd2 Bf8 20. Rhb1 Ne4+ 21. Kc2
Bd6 22. b6 axb6 23. Rxb6 Na8 24. Rb3 Qa5 25. g5 fxg5 26. hxg5 Nxg5 27. Qh1 Ne4
28. Qb1 b6 29. Nc1 Rhf8 30. Nfe2 Nxf2 0-1

[Event "13th Foxwoods Open"]
[Site "Mashantucket, CT"]
[Date "2019.04.21"]
[Round "8"]
[White "Raj Shanmugasundara"]
[Black "Bragg, David"]
[Result "0-1"]
[WhiteElo "2143"]
[BlackElo "2051"]
[PlyCount "100"]
[EventDate "2019.04.??"]
[EventType "swiss"]
[EventRounds "9"]
[EventCountry "USA"]

1. Nf3 Nf6 2. g3 b5 3. Bg2 Bb7 4. O-O c5 5. d3 e6 6. e4 d6 7. Re1 Nfd7 8. h4
Be7 9. Nbd2 Nc6 10. Nf1 a6 11. c3 O-O 12. N1h2 b4 13. Bf4 Qa5 14. Bd2 bxc3 15.
bxc3 Nce5 16. Nxe5 dxe5 17. d4 Qc7 18. d5 exd5 19. exd5 c4 20. Be3 Bd6 21. g4
e4 22. Nf1 Nf6 23. Bd4 Nxd5 24. Bxe4 Rfe8 25. Qf3 Rxe4 26. Rxe4 Nf4 27. Rae1
Rf8 28. Ng3 Nd3 29. R1e2 Nc5 30. Bxg7 Nxe4 31. Rxe4 Bxg3 32. Bd4 Be5 33. Rxe5
Qxe5 34. Qxb7 Qe6 35. Qf3 Re8 36. Qf4 f6 37. Bxf6 Qe4 38. Qg5+ Kf7 39. Bd4 Rg8
40. Qh5+ Ke6 41. g5 Rb8 42. Qh6+ Kd5 43. Bb6 Qb1+ 44. Kg2 Rxb6 45. Qf8 Qe4+ 46.
Kg3 Qe5+ 47. f4 Qxc3+ 48. Kg4 Qd3 49. Qe7 Rd6 50. Qc7 h5+ 0-1

[Event "13th Foxwoods Open"]
[Site "Mashantucket, CT"]
[Date "2019.04.21"]
[Round "8"]
[White "Torres, Yelfry"]
[Black "Weeramantry, Sunil"]
[Result "0-1"]
[WhiteElo "2094"]
[BlackElo "2047"]
[PlyCount "90"]
[EventDate "2019.04.??"]
[EventType "swiss"]
[EventRounds "9"]
[EventCountry "USA"]

1. c4 g6 2. Nc3 Bg7 3. g3 d6 4. Bg2 Nc6 5. Nf3 Nf6 6. d3 O-O 7. O-O e5 8. Bg5
h6 9. Bxf6 Bxf6 10. Rb1 Bg7 11. b4 f5 12. b5 Ne7 13. Nd5 Nxd5 14. cxd5 Rf7 15.
Qc2 Bf6 16. Rb4 Qf8 17. Rc4 Bd8 18. Nd2 g5 19. f4 Qg7 20. e3 Bd7 21. Rb1 Kh8
22. a4 b6 23. Kh1 a6 24. fxe5 Qxe5 25. Nf3 Qe8 26. h3 axb5 27. axb5 Kg8 28. e4
Bxb5 29. Rc3 Bf6 30. d4 Ba4 31. Qd2 fxe4 32. Re1 Re7 33. Nh2 Bd7 34. Rce3 Ra4
35. Rxe4 Rxe4 36. Rxe4 Ra1+ 37. Nf1 Rxf1+ 38. Kh2 Qg6 39. Qc2 Bf5 40. Qxc7 Bxe4
41. Bxf1 Bxd4 42. Qd8+ Kh7 43. Qc7+ Qg7 44. Qxd6 Bc5 45. Qe6 Qb2+ 0-1

[Event "13th Foxwoods Open"]
[Site "Mashantucket, CT"]
[Date "2019.04.21"]
[Round "8"]
[White "Wofford, Matthew"]
[Black "Chasin, Nico"]
[Result "1-0"]
[WhiteElo "1996"]
[BlackElo "2208"]
[PlyCount "65"]
[EventDate "2019.04.??"]
[EventType "swiss"]
[EventRounds "9"]
[EventCountry "USA"]

1. e4 c5 2. Nf3 e6 3. d4 cxd4 4. Nxd4 Nc6 5. Nc3 Qc7 6. Nxc6 Qxc6 7. Bd3 a6 8.
O-O d6 9. Qe2 Nf6 10. a4 b6 11. f4 Bb7 12. Be3 Nd7 13. Qf2 Be7 14. Bd4 O-O 15.
Qg3 g6 16. Rae1 Rae8 17. Kh1 Nc5 18. f5 exf5 19. Rxf5 Ne6 20. Be3 Ng7 21. Rf3
Bd8 22. Ref1 Qc7 23. Qf2 f6 24. Bd4 f5 25. b3 h5 26. Qd2 Bf6 27. Bc4+ Kh7 28.
exf5 Nxf5 29. Rxf5 gxf5 30. Rxf5 Qg7 31. Rxh5+ Kg6 32. Bxf6 Kxf6 33. Qxd6+ 1-0

[Event "13th Foxwoods Open"]
[Site "Mashantucket, CT"]
[Date "2019.04.21"]
[Round "8"]
[White "Colding, Ernest"]
[Black "Putnam, Liam"]
[Result "0-1"]
[WhiteElo "2074"]
[BlackElo "2046"]
[PlyCount "86"]
[EventDate "2019.04.??"]
[EventType "swiss"]
[EventRounds "9"]
[EventCountry "USA"]

1. e4 c5 2. c3 d5 3. exd5 Qxd5 4. d4 Nc6 5. Nf3 Bf5 6. Be3 Nf6 7. c4 Qd7 8. d5
Nb4 9. Ne5 Qc7 10. Nd3 e6 11. Qa4+ Qd7 12. Qxd7+ Nxd7 13. Nxb4 cxb4 14. dxe6
Bxe6 15. Nd2 Bc5 16. Bf4 O-O-O 17. Bg3 Bg4 18. f3 Rhe8+ 19. Be2 Bf5 20. Kf1 Re6
21. Nb3 Rde8 22. Nxc5 Nxc5 23. Bf2 Rxe2 24. Bxc5 Bd3 25. Kg1 Rc2 26. h4 Ree2
27. Rh2 Rxb2 28. h5 a5 29. Bb6 Rxa2 30. Rd1 Rad2 31. Rxd2 Rxd2 32. Bxa5 b3 33.
Bc3 b2 34. Bxb2 Rxb2 35. Rh4 Rc2 36. Rg4 Rxc4 37. Rxg7 b5 38. Rxf7 b4 39. Rf6
Kc7 40. Rf7+ Kc6 41. Rf6+ Kc5 42. Rf8 b3 43. Rb8 Rb4 0-1

[Event "13th Foxwoods Open"]
[Site "Mashantucket, CT"]
[Date "2019.04.21"]
[Round "8"]
[White "Sam Sloan"]
[Black "Harriott, Tyrell"]
[Result "0-1"]
[WhiteElo "1849"]
[BlackElo "2033"]
[PlyCount "140"]
[EventDate "2019.04.??"]
[EventType "swiss"]
[EventRounds "9"]
[EventCountry "USA"]

1. g4 d5 2. Bg2 c6 3. h3 e5 4. d3 Bc5 5. Nc3 Qh4 6. e3 f5 7. gxf5 Bxf5 8. Qf3
Ne7 9. e4 Be6 10. Qg3 Qf6 11. Nf3 Nd7 12. Bg5 Qf7 13. O-O-O Ng6 14. Rdf1 h6 15.
exd5 cxd5 16. Bd2 O-O 17. h4 Nf4 18. Bxf4 exf4 19. Qh2 d4 20. Ne2 Bg4 21. Kb1
Qf6 22. Re1 Bb4 23. Rc1 Bc3 24. bxc3 dxc3 25. Ka1 Rac8 26. Nfd4 f3 27. Bxf3
Bxf3 28. Rhg1 Bxe2 29. Nxe2 Ne5 30. Qg3 Nf3 31. Rg2 Rc6 32. Nf4 Nxh4 33. Nh5
Qg6 34. Qxg6 Rxg6 35. Rxg6 Nxg6 36. Rf1 Rf5 37. Ng3 Rb5 38. Ne4 h5 39. Nxc3 Rg5
40. Kb2 Nf4 41. Kc1 h4 42. Kd2 Kh7 43. Ne4 Ra5 44. Ke3 Ne6 45. f4 Kg6 46. Rh1
Kh5 47. Kf3 Nd4+ 48. Ke3 Nxc2+ 49. Kf3 Nd4+ 50. Ke3 Nf5+ 51. Kf3 Ra3 52. Nf2
Rxa2 53. Rg1 g6 54. Rg5+ Kh6 55. Ng4+ Kh7 56. Ne5 h3 57. Nxg6 h2 58. Nf8+ Kh8
59. Rh5+ Kg8 60. Ne6 a5 61. Rg5+ Kf7 62. Rxf5+ Kxe6 63. Rh5 a4 64. Ke4 a3 65.
Rh6+ Kf7 66. Kf5 Rg2 67. Rh7+ Kg8 68. Rxb7 h1=Q 69. Rb8+ Kh7 70. Rb7+ Rg7 0-1

[Event "13th Foxwoods Open"]
[Site "Mashantucket, CT"]
[Date "2019.04.21"]
[Round "8"]
[White "Murthy, Pappu"]
[Black "Donald Johnson"]
[Result "1/2-1/2"]
[WhiteElo "2025"]
[BlackElo "1745"]
[PlyCount "69"]
[EventDate "2019.04.??"]
[EventType "swiss"]
[EventRounds "9"]
[EventCountry "USA"]

1. d4 Nf6 2. c4 g6 3. Nc3 d5 4. cxd5 Nxd5 5. e4 Nxc3 6. bxc3 Bg7 7. Bc4 O-O 8.
Ne2 Nc6 9. h4 h6 10. h5 g5 11. Ng3 Na5 12. Be2 c5 13. Be3 Nc6 14. e5 Be6 15.
O-O Qd7 16. Qd2 Rfd8 17. Rad1 Qc7 18. Bxg5 cxd4 19. Bxh6 dxc3 20. Qg5 Qxe5 21.
Nf5 Bxf5 22. Bxg7 Qxg7 23. Qxf5 Nd4 24. Qe4 Nxe2+ 25. Qxe2 Qf6 26. Rb1 Rac8 27.
Rfc1 Rd2 28. Qxd2 cxd2 29. Rxc8+ Kg7 30. Rd8 Qc3 31. Rd1 Qe5 32. R1xd2 Qe1+ 33.
Kh2 Qe5+ 34. Kg1 Qe1+ 35. Kh2 1/2-1/2

[Event "13th Foxwoods Open"]
[Site "Mashantucket, CT"]
[Date "2019.04.21"]
[Round "9.1"]
[White "Gabuzyan, Hovhannes"]
[Black "Burke, John M"]
[Result "1/2-1/2"]
[WhiteElo "2620"]
[BlackElo "2550"]
[PlyCount "59"]
[EventDate "2019.04.??"]
[EventType "swiss"]
[EventRounds "9"]
[EventCountry "USA"]

1. Nf3 d5 2. c4 e6 3. g3 Nf6 4. Bg2 Be7 5. O-O O-O 6. Qc2 c5 7. d4 Nc6 8. dxc5
d4 9. a3 a5 10. Rd1 e5 11. Nc3 h6 12. Na4 e4 13. Ne1 Bf5 14. f3 d3 15. exd3 Nd4
16. dxe4 Nxc2 17. Rxd8 Nxa1 18. Rxa8 Rxa8 19. exf5 Nb3 20. Be3 Rc8 21. Nd3 Nd7
22. f4 Nbxc5 23. Naxc5 Bxc5 24. Nxc5 Nxc5 25. b4 axb4 26. axb4 Nd3 27. b5 Re8
28. Bd4 Re1+ 29. Bf1 Rc1 30. Ba7 1/2-1/2